|
003 -Nazwa inst., której nr kontr. jest w polu 001 [,]
|
-
- @
- Nazwa instytucji, której n kontrolny jest w polu 001
- NUKAT
|
|
005 -DATA I CZAS OSTATNIEJ MODYFIKACJI [,]
|
-
- @
- pole kontrolne
- 20241231091748.0
|
|
020 -Międzynarod. znormalizowany nr książki - ISBN [ , ]
|
-
- a
- Numer ISBN
- 9788325578596
|
|
020 -Międzynarod. znormalizowany nr książki - ISBN [ , ]
|
-
- a
- Numer ISBN
- 9788325578602
-
|
|
040 -Instytucja sporządzająca opis [ , ]
|
-
- a
- Instytucja, która sporządziła opis (NP)
- GD U/AEK
-
- c
- Instytucja, która sporządziła rekord (NP)
- GD U/AEKs
-
- d
- Instytucja, która zmodyfikowała rekord (P)
- KR U/42MSs
-
- d
- Instytucja, która zmodyfikowała rekord (P)
- TOR U/WS
|
|
942 -Rodzaj dokumentu [ , ]
|
-
- c
- Rodzaj dokumentu
- Książka
|
|
245 -Strefa tytułu i oznaczenia odpowiedzialności [1,0]
|
-
- a
- Tytuł
- Prawo spółek osobowych /
-
- c
- Pozostałe elementy strefy tytułu i oznaczenia odpowiedzialności (NP)
- redaktor Andrzej Szajkowski ; autorzy Marcin Asłanowicz, Andrzej Herbet, Marta Litwińska-Werner, Paweł Moskwa, Jerzy P. Naworski, Wojciech Popiołek, Michał Romanowski, Tomasz Siemiątkowski, Stanisław Sołtysiński, Andrzej Szajkowski, Tomasz Szczurowski, Andrzej Szumański, Monika Tarska.
|
|
250 -Strefa wydania [ , ]
|
-
- a
- Oznaczenie wydania (NP)
- 2. wyd., stan prawny na dzień 1 stycznia 2016 r.
|
|
260 -Strefa adresu wydawniczego [ , ]
|
-
- a
- Miejsce wydania (P)
- Warszawa :
-
- b
- Nazwa wydawcy (P)
- C. H. Beck :
-
- b
- Nazwa wydawcy (P)
- Instytut Nauk Prawnych PAN,
-
|
|
700 -Hasło dodatkowe - nazwa osobowa [1, ]
|
-
- a
- Nazwa osobowa (NP)
- Herbet, Andrzej
-
- d
- Daty biograficzne (NP)
- (1973- ).
-
|
|
700 -Hasło dodatkowe - nazwa osobowa [1, ]
|
-
- a
- Nazwa osobowa (NP)
- Litwińska, Marta.
-
|
|
700 -Hasło dodatkowe - nazwa osobowa [1, ]
|
-
- a
- Nazwa osobowa (NP)
- Moskwa, Paweł.
-
|
|
700 -Hasło dodatkowe - nazwa osobowa [1, ]
|
-
- a
- Nazwa osobowa (NP)
- Naworski, Jerzy Paweł.
-
|
|
700 -Hasło dodatkowe - nazwa osobowa [1, ]
|
-
- a
- Nazwa osobowa (NP)
- Popiołek, Wojciech
-
- d
- Daty biograficzne (NP)
- (1951- ).
-
|
|
700 -Hasło dodatkowe - nazwa osobowa [1, ]
|
-
- a
- Nazwa osobowa (NP)
- Romanowski, Michał
-
- d
- Daty biograficzne (NP)
- (1970- ).
-
|
|
700 -Hasło dodatkowe - nazwa osobowa [1, ]
|
-
- a
- Nazwa osobowa (NP)
- Siemiątkowski, Tomasz.
-
|
|
700 -Hasło dodatkowe - nazwa osobowa [1, ]
|
-
- a
- Nazwa osobowa (NP)
- Sołtysiński, Stanisław
-
- d
- Daty biograficzne (NP)
- (1939- ).
-
|
|
700 -Hasło dodatkowe - nazwa osobowa [1, ]
|
-
- a
- Nazwa osobowa (NP)
- Szajkowski, Andrzej
-
- d
- Daty biograficzne (NP)
- (1938- ).
-
|
|
700 -Hasło dodatkowe - nazwa osobowa [1, ]
|
-
- a
- Nazwa osobowa (NP)
- Szczurowski, Tomasz.
-
|
|
700 -Hasło dodatkowe - nazwa osobowa [1, ]
|
-
- a
- Nazwa osobowa (NP)
- Szumański, Andrzej
-
- d
- Daty biograficzne (NP)
- (1957- ).
-
|
|
700 -Hasło dodatkowe - nazwa osobowa [1, ]
|
-
- a
- Nazwa osobowa (NP)
- Tarska, Monika.
-
|
|
710 -Hasło dodatkowe - nazwa ciała zbiorowego [2, ]
|
-
- a
- Nazwa ciała zbiorowego lub nazwa geograficzna jako pierwszy element (NP)
- Wydawnictwo C.H. Beck.
-
-
|
|
710 -Hasło dodatkowe - nazwa ciała zbiorowego [2, ]
|
-
- a
- Nazwa ciała zbiorowego lub nazwa geograficzna jako pierwszy element (NP)
- Polska Akademia Nauk.
-
- b
- Nazwa jednostki podrzędnej (P)
- Instytut Nauk Prawnych.
-
-
|